[Event "Berlin Spandau op"]
[Site "Berlin"]
[Date "2017.12.27"]
[Round "2"]
[White "Niering, Martin"]
[Black "Mielke, Norman"]
[Result "1-0"]
[WhiteElo "2214"]
[BlackElo "1979"]
[PlyCount "61"]
[EventDate "2017.12.27"]
[EventType "swiss"]
[EventRounds "7"]
[EventCountry "GER"]
[SourceTitle "CBM 182 Extra"]
[Source "ChessBase"]
[SourceDate "2018.02.23"]
[SourceVersion "1"]
[SourceVersionDate "2018.02.23"]
[SourceQuality "1"]

1. e4 d6 2. d4 Nf6 3. Nc3 e5 4. Nf3 exd4 5. Nxd4 Be7 6. g3 0-0 7. Bg2 Re8 8. 0-0 Bf8 9. h3 Nbd7 10. Nb3 Ne5 11. f4 Ng6 12. Qd3 c6 13. Bd2 Qc7 14. Rae1 Rb8 15. Bc1 b5 16. Kh2 b4 17. Nd1 Bb7 18. Nf2 Rbd8 19. Rd1 a5 20. Rfe1 d5 21. e5 Nd7 22. Qf3 Bc8 23. Nd4 Nc5 24. b3 Ne7 25. f5 Ne4 26. Nxe4 dxe4 27. Qxe4 c5 28. Nb5 Qb8 29. Nd6 Rxd6 30. exd6 Bxf5 31. Qe2 1-0

[Event "Berlin Kreuzberg op"]
[Site "Berlin"]
[Date "2015.07.12"]
[Round "2"]
[White "Bruedigam, Martin"]
[Black "Mielke, Norman"]
[Result "1-0"]
[WhiteElo "2350"]
[BlackElo "2010"]
[PlyCount "61"]
[EventDate "2015.07.11"]
[EventType "swiss"]
[EventRounds "9"]
[EventCountry "GER"]
[SourceTitle "CBM 167 Extra"]
[Source "ChessBase"]
[SourceDate "2015.09.14"]
[SourceVersion "1"]
[SourceVersionDate "2015.09.14"]
[SourceQuality "1"]

1. e4 d6 2. d4 Nf6 3. Nc3 e5 4. dxe5 dxe5 5. Qxd8+ Kxd8 6. Bg5 Be6 7. 0-0-0+ Nbd7 8. g3 Kc8 9. f4 exf4 10. gxf4 Bg4 11. Nge2 Bb4 12. Rg1 Bxc3 13. bxc3 h5 14. Bxf6 Nxf6 15. e5 Ne4 16. Rd4 Bxe2 17. Bxe2 Nxc3 18. Bf3 g6 19. Rc4 Nb5 20. a4 a6 21. axb5 axb5 22. Rb4 c6 23. Kb2 Kc7 24. Rd4 Ra4 25. Rxa4 bxa4 26. Rd1 Ra8 27. Ka3 b5 28. Rd6 Ra6 29. c3 Rb6 30. Rf6 Kb7 31. Rxf7+ 1-0

[Event "Berlin Lichtenberger op 7th"]
[Site "Berlin"]
[Date "2008.08.19"]
[Round "4"]
[White "Reichenbach, Werner"]
[Black "Mielke, Norman"]
[Result "1/2-1/2"]
[WhiteElo "2305"]
[BlackElo "2035"]
[PlyCount "172"]
[EventDate "2008.08.16"]
[EventType "swiss"]
[EventRounds "9"]
[EventCountry "GER"]
[SourceTitle "CBM 126 Extra"]
[Source "ChessBase"]
[SourceDate "2008.11.05"]
[SourceVersion "1"]
[SourceVersionDate "2008.11.05"]
[SourceQuality "1"]

1. d4 d5 2. c4 dxc4 3. e4 e5 4. Nf3 exd4 5. Qxd4 Qxd4 6. Nxd4 Nf6 7. Nc3 Bc5 8. Ndb5 Na6 9. Bxc4 c6 10. Na3 Nc7 11. Nc2 Be6 12. Be2 Bg4 13. f3 Bd7 14. Be3 Bxe3 15. Nxe3 0-0-0 16. 0-0-0 Be6 17. Kc2 Rxd1 18. Rxd1 Rd8 19. Re1 Nd7 20. f4 f6 21. g3 Nb6 22. b3 Re8 23. Bd3 h6 24. b4 Rd8 25. Rb1 Ne8 26. a3 Nd6 27. Rd1 Ndc4 28. Bxc4 Nxc4 29. Rxd8+ Kxd8 30. Nxc4 Bxc4 31. Nd1 Kd7 32. Kc3 Be2 33. Ne3 g6 34. Kd2 Bf3 35. Kd3 b6 36. Nc4 Ke6 37. Ke3 Bd1 38. Kd4 Be2 39. Nd2 Kd6 40. Ke3 Bd1 41. Nc4+ Ke6 42. Kd3 Bf3 43. Ne3 Kd6 44. Kd4 Be2 45. Ng2 Bg4 46. Nh4 g5 47. Ng2 c5+ 48. bxc5+ bxc5+ 49. Kd3 c4+ 50. Kd4 Bf3 51. Ne3 c3 52. Kxc3 Bxe4 53. Kd4 f5 54. fxg5 hxg5 55. h4 gxh4 56. gxh4 Bb1 57. Ng2 Ke6 58. Nf4+ Kf6 59. Kd5 Bc2 60. Kd6 Bb3 61. Ng2 Bc2 62. Nf4 Bd1 63. Kd5 a5 64. Kd4 Bc2 65. Ke3 Be4 66. Nh5+ Ke5 67. Nf4 Kf6 68. Kf2 Bc6 69. Kg3 Be4 70. Nh3 Kg6 71. Ng5 Bc2 72. Ne6 Kf6 73. Nd4 Bd3 74. Kf4 Kg6 75. Ne6 Kh5 76. Kg3 Bb1 77. Nf4+ Kh6 78. Kf2 Bc2 79. Ke3 Bd1 80. Kd4 Bc2 81. Ke5 Bb1 82. Kd4 Kg7 83. Kc5 Bc2 84. Kb5 a4 85. Kc5 Kf6 86. Kd5 Bd1 1/2-1/2

[Event "Berlin Lichtenberger op 7th"]
[Site "Berlin"]
[Date "2008.08.18"]
[Round "3"]
[White "Mielke, Norman"]
[Black "Voelker, Thomas"]
[Result "1-0"]
[WhiteElo "2035"]
[BlackElo "1766"]
[PlyCount "97"]
[EventDate "2008.08.16"]
[EventType "swiss"]
[EventRounds "9"]
[EventCountry "GER"]
[SourceTitle "CBM 126 Extra"]
[Source "ChessBase"]
[SourceDate "2008.11.05"]
[SourceVersion "1"]
[SourceVersionDate "2008.11.05"]
[SourceQuality "1"]

1. e4 c5 2. c3 d5 3. exd5 Qxd5 4. d4 Nc6 5. Nf3 Bg4 6. Be2 e6 7. h3 Bh5 8. c4 Qd8 9. d5 exd5 10. cxd5 Bxf3 11. Bxf3 Nd4 12. 0-0 Nxf3+ 13. Qxf3 Qf6 14. Re1+ Kd8 15. Qe2 Qe7 16. Be3 Nf6 17. Nc3 Qd7 18. Rad1 Bd6 19. Nb5 Re8 20. Nxd6 Qxd6 21. Qc4 b6 22. Bf4 Qd7 23. Kf1 Kc8 24. b4 Qa4 25. Rxe8+ Nxe8 26. Rc1 Kb7 27. bxc5 Qxc4+ 28. Rxc4 bxc5 29. Rxc5 Rd8 30. Rb5+ Ka6 31. a4 Nf6 32. Bg5 Rd6 33. Bxf6 Rxf6 34. g3 Rb6 35. Rc5 Rb1+ 36. Ke2 Kb6 37. Rc4 Rb2+ 38. Ke3 Rb3+ 39. Ke4 Rb2 40. Ke3 Rb3+ 41. Ke4 Rb2 42. f4 Re2+ 43. Kd4 Rd2+ 44. Ke5 Re2+ 45. Kd6 Re3 46. Kd7 Rxg3 47. Rd4 Kc5 48. Rd1 Rxh3 49. Kc7 1-0

[Event "FICGS W-ch st1 g18 email"]
[Site "FICGS email"]
[Date "2007.01.16"]
[Round "1"]
[White "Boissier, Lucien"]
[Black "Mielke, Norman"]
[Result "1/2-1/2"]
[WhiteElo "1700"]
[BlackElo "2035"]
[PlyCount "61"]
[EventDate "2007.??.??"]
[EventType "tourn (corr)"]
[EventRounds "8"]
[SourceTitle "Corr 2022"]
[Source "ChessBase"]
[SourceDate "2021.10.24"]
[SourceVersion "1"]
[SourceVersionDate "2021.10.24"]
[SourceQuality "1"]

1. e4 c5 2. Nf3 Nc6 3. d4 cxd4 4. Nxd4 Nf6 5. Nc3 e5 6. Ndb5 d6 7. Nd5 Nxd5 8. exd5 Nb8 9. Bd3 Be7 10. 0-0 0-0 11. Qh5 f5 12. Re1 Na6 13. c4 Bd7 14. a3 Nc5 15. Bc2 a6 16. Nc3 Be8 17. Qh3 g6 18. b4 Nd7 19. Bh6 Rf7 20. Bb3 Bf6 21. Rab1 e4 22. Ne2 a5 23. Be3 axb4 24. axb4 Ne5 25. Nf4 Ba4 26. Bd4 Nd3 27. Bxf6 Nxf4 28. Qg3 Qxf6 29. Qxf4 Bxb3 30. Rxb3 Ra2 31. Rbb1 1/2-1/2

[Event "FICGS W-ch st1 g18 email"]
[Site "FICGS email"]
[Date "2007.01.16"]
[Round "1"]
[White "Korhonen, Marko"]
[Black "Mielke, Norman"]
[Result "0-1"]
[WhiteElo "2192"]
[BlackElo "2035"]
[PlyCount "62"]
[EventDate "2007.??.??"]
[EventType "tourn (corr)"]
[EventRounds "8"]
[SourceTitle "Corr 2022"]
[Source "ChessBase"]
[SourceDate "2021.10.24"]
[SourceVersion "1"]
[SourceVersionDate "2021.10.24"]
[SourceQuality "1"]

1. e4 c5 2. d4 cxd4 3. Nf3 Nc6 4. Nxd4 Nf6 5. Nc3 e5 6. Ndb5 d6 7. Bg5 a6 8. Na3 b5 9. Nd5 Be7 10. Bxf6 Bxf6 11. c3 Ne7 12. Nxf6+ gxf6 13. Bd3 d5 14. Qe2 d4 15. cxd4 Qxd4 16. 0-0-0 Qb6 17. Kb1 Be6 18. g3 Nc6 19. Nc2 h5 20. Ne3 Rd8 21. f4 Nb4 22. b3 Bg4 23. Nxg4 hxg4 24. Bc2 exf4 25. Qxg4 Qc7 26. Rxd8+ Kxd8 27. Rd1+ Ke7 28. Rd2 Rd8 29. Rg2 Qa5 30. Bd1 Nd3 31. gxf4 Nf2 0-1

[Event "Berlin op 08"]
[Site "Berlin"]
[Date "2006.08.25"]
[Round "7"]
[White "Cusnariov, Nikolai"]
[Black "Mielke, Norman"]
[Result "1-0"]
[WhiteElo "2094"]
[BlackElo "1926"]
[PlyCount "93"]
[EventDate "2006.08.19"]
[EventType "swiss"]
[EventRounds "9"]
[EventCountry "GER"]
[SourceTitle "EXT 2007"]
[Source "ChessBase"]
[SourceDate "2006.11.23"]
[SourceVersion "1"]
[SourceVersionDate "2006.11.23"]
[SourceQuality "1"]

1. e4 c5 2. Nc3 Nc6 3. g3 g6 4. Bg2 Bg7 5. d3 d6 6. Be3 Nf6 7. h3 Rb8 8. Qd2 0-0 9. Nge2 b5 10. 0-0 b4 11. Nd1 a5 12. Bh6 Bxh6 13. Qxh6 Nd4 14. Qd2 Nxe2+ 15. Qxe2 Qc7 16. Ne3 Qa7 17. Kh2 e6 18. f4 Qe7 19. Rae1 a4 20. Qf2 Ne8 21. g4 f6 22. Qg3 Qg7 23. e5 fxe5 24. fxe5 Qxe5 25. Qxe5 dxe5 26. Rxf8+ Kxf8 27. Nc4 Bd7 28. Nxe5 Bb5 29. c4 bxc3 30. bxc3 Rd8 31. c4 Ba6 32. Rb1 Nf6 33. Rf1 Kg7 34. g5 Nh5 35. Rf7+ Kg8 36. Ra7 Bc8 37. Rxa4 Nf4 38. Be4 Ne2 39. Ra8 Rf8 40. Ng4 Nc3 41. Nf6+ Kg7 42. Ra7+ Rf7 43. Ne8+ Kf8 44. Rxf7+ Kxf7 45. Nd6+ Ke7 46. Nxc8+ Kd7 47. Na7 1-0

[Event "Berlin op 08"]
[Site "Berlin"]
[Date "2006.08.24"]
[Round "6"]
[White "Mielke, Norman"]
[Black "Welz, Peter"]
[Result "1/2-1/2"]
[WhiteElo "1926"]
[BlackElo "2136"]
[PlyCount "99"]
[EventDate "2006.08.19"]
[EventType "swiss"]
[EventRounds "9"]
[EventCountry "GER"]
[SourceTitle "EXT 2007"]
[Source "ChessBase"]
[SourceDate "2006.11.23"]
[SourceVersion "1"]
[SourceVersionDate "2006.11.23"]
[SourceQuality "1"]

1. e4 e6 2. d4 d5 3. Nd2 dxe4 4. Nxe4 Qd5 5. Nc3 Bb4 6. Nf3 Nf6 7. Bd3 b6 8. 0-0 Bxc3 9. bxc3 Bb7 10. c4 Qh5 11. Be2 Qf5 12. a4 h6 13. Nh4 Qh7 14. d5 e5 15. Nf3 Nbd7 16. Re1 0-0 17. Bb2 Rfe8 18. Bf1 Qf5 19. Ra3 a5 20. Nh4 Qh5 21. Qxh5 Nxh5 22. Rae3 Nhf6 23. Nf3 e4 24. Nd2 c6 25. Nxe4 Nxe4 26. Rxe4 Rxe4 27. Rxe4 cxd5 28. cxd5 Bxd5 29. Rg4 g6 30. Bb5 Be6 31. Rd4 Nc5 32. Rd6 Bf5 33. c4 Bc2 34. Rxb6 Bxa4 35. Ba3 Bxb5 36. cxb5 Ne4 37. f3 Nc3 38. Kf2 a4 39. Ra6 Rb8 40. b6 Nd5 41. Bc5 a3 42. Rxa3 Nxb6 43. Rb3 Nd7 44. Rxb8+ Nxb8 45. h4 Nc6 46. g4 Kh7 47. Kg3 Nd8 48. Be7 Ne6 49. Bf6 Nc7 50. f4 1/2-1/2

[Event "Berlin Lichtenberger op 5th"]
[Site "Berlin"]
[Date "2006.08.23"]
[Round "5"]
[White "Schulz, Volker"]
[Black "Mielke, Norman"]
[Result "1-0"]
[WhiteElo "2175"]
[BlackElo "2044"]
[PlyCount "110"]
[EventDate "2006.08.19"]
[EventType "swiss"]
[EventRounds "9"]
[EventCountry "GER"]
[SourceTitle "CBM 113 Extra"]
[Source "ChessBase"]
[SourceDate "2006.09.14"]
[SourceVersion "1"]
[SourceVersionDate "2006.09.14"]
[SourceQuality "1"]

1. c4 e6 2. d4 d5 3. Nc3 Nf6 4. Nf3 Nbd7 5. cxd5 exd5 6. g3 Be7 7. Bg2 c6 8. 0-0 Nb6 9. h3 Nc4 10. Re1 Nd6 11. Nd2 0-0 12. b3 Qa5 13. Bb2 Nb5 14. Nxb5 Qxb5 15. a3 a5 16. Qc2 Be6 17. e3 Qb6 18. Kh2 Qd8 19. Qd3 Re8 20. f3 Qb8 21. e4 dxe4 22. fxe4 Rd8 23. Qe3 h6 24. Rad1 Qa7 25. Bf3 Rac8 26. Kg2 Qb6 27. Re2 Qc7 28. Kh2 Qb8 29. Rc1 Qa7 30. Nc4 a4 31. b4 Bxc4 32. Rxc4 Qb8 33. Rec2 Qa7 34. Qc3 Rb8 35. Qd2 Qb6 36. Rc1 Kf8 37. Qc2 Kg8 38. Qxa4 Ra8 39. Qc2 Qb5 40. Qd2 Rd7 41. Qe3 Re8 42. Qb3 Ra8 43. R4c2 Rad8 44. Qe3 Qb6 45. Rd1 Qa7 46. Qc3 Ne8 47. Rcd2 Rc7 48. Kg2 Qa4 49. e5 Qb5 50. Qb3 Rcd7 51. d5 cxd5 52. Rxd5 Rxd5 53. Rxd5 Qb6 54. Rxd8 Qxd8 55. Qd5 Qc7 1-0

[Event "Berlin op 07"]
[Site "Berlin"]
[Date "2006.07.15"]
[Round "8"]
[White "Kiesekamp, Marcos"]
[Black "Mielke, Norman"]
[Result "1-0"]
[WhiteElo "2259"]
[BlackElo "2044"]
[PlyCount "127"]
[EventDate "2006.07.08"]
[EventType "swiss"]
[EventRounds "9"]
[EventCountry "GER"]
[SourceTitle "CBM 113 Extra"]
[Source "ChessBase"]
[SourceDate "2006.09.14"]
[SourceVersion "1"]
[SourceVersionDate "2006.09.14"]
[SourceQuality "1"]

1. e4 c5 2. Nf3 Nc6 3. d4 cxd4 4. Nxd4 Nf6 5. Nc3 e5 6. Ndb5 d6 7. Bg5 a6 8. Na3 b5 9. Bxf6 gxf6 10. Nd5 Bg7 11. g3 f5 12. Bg2 0-0 13. exf5 Bxf5 14. c3 Be6 15. Nc2 a5 16. 0-0 f5 17. f4 b4 18. Qd2 bxc3 19. bxc3 Ra7 20. Rab1 Ne7 21. Nce3 Ng6 22. Kh1 Qe8 23. Rb6 Qd8 24. Nc4 Rd7 25. Nxa5 exf4 26. gxf4 Nh4 27. Nc6 Qe8 28. Rb8 Qf7 29. Rxf8+ Kxf8 30. Rb1 Rb7 31. Rxb7 Qxb7 32. Ndb4 Qd7 33. Nd4 Nxg2 34. Qxg2 Bxd4 35. cxd4 Qb5 36. a3 Qa4 37. Qf3 Bb3 38. Qd3 Qxa3 39. Qxf5+ Kg8 40. Qb5 Kf7 41. Qh5+ Kg7 42. Qg5+ Kf7 43. Qf5+ Kg7 44. Qg4+ Kf6 45. Qh4+ Kg7 46. Qg3+ Kf7 47. Qc3 Qa8+ 48. Kg1 Be6 49. Qc7+ Kg6 50. Qxd6 Qa1+ 51. Kf2 Qb2+ 52. Ke3 Qc1+ 53. Ke2 Qb2+ 54. Kd3 Qb1+ 55. Nc2 Qb5+ 56. Kd2 Qa5+ 57. Nb4 Kf7 58. Qc5 Qa3 59. f5 Qb2+ 60. Ke3 Bb3 61. Nd3 Qb1 62. Ne5+ Kf6 63. Qf8+ Kg5 64. Qg7+ 1-0

[Event "Berlin op 04"]
[Site "Berlin"]
[Date "2006.04.23"]
[Round "9"]
[White "Lange, Ingo"]
[Black "Mielke, Norman"]
[Result "0-1"]
[WhiteElo "1757"]
[BlackElo "1959"]
[PlyCount "102"]
[EventDate "2006.04.14"]
[EventType "swiss"]
[EventRounds "9"]
[EventCountry "GER"]
[SourceTitle "EXT 2007"]
[Source "ChessBase"]
[SourceDate "2006.11.23"]
[SourceVersion "1"]
[SourceVersionDate "2006.11.23"]
[SourceQuality "1"]

1. d4 d5 2. Nf3 Nf6 3. Bf4 c5 4. c3 Nc6 5. e3 Qb6 6. Qc2 cxd4 7. exd4 Bg4 8. Nbd2 e6 9. Bd3 Rc8 10. Qb3 Qxb3 11. axb3 Nd7 12. 0-0 Be7 13. b4 a6 14. b5 axb5 15. Bxb5 Bxf3 16. Nxf3 0-0 17. Bxc6 Rxc6 18. Ra7 Rb6 19. b4 Rc8 20. Bd2 Nf6 21. Rfa1 Ne8 22. Ra8 Rbc6 23. Ne5 R6c7 24. Nd3 g5 25. Nc5 Nd6 26. R1a7 Rxa8 27. Rxa8+ Kg7 28. Ra7 Bd8 29. Kf1 b6 30. Rxc7 Bxc7 31. Nd7 f6 32. f4 g4 33. Ke2 Nf5 34. Kd3 Nd6 35. h3 gxh3 36. gxh3 Kf7 37. Bc1 Ke7 38. Nc5 bxc5 39. dxc5 Nc4 40. b5 Kd7 41. Kd4 f5 42. Kd3 Bd8 43. Kc2 Be7 44. c6+ Kc7 45. Kb3 Kb6 46. Ka4 Bd6 47. h4 h5 48. Kb3 Kxb5 49. c7 Bxc7 50. Kc2 Bd8 51. Kd3 Bxh4 0-1

[Event "Berlin op 07"]
[Site "Berlin"]
[Date "2005.07.05"]
[Round "4"]
[White "Mielke, Norman"]
[Black "Kohler, Thomas"]
[Result "0-1"]
[WhiteElo "1908"]
[BlackElo "2112"]
[PlyCount "90"]
[EventDate "2005.07.02"]
[EventType "swiss"]
[EventRounds "9"]
[EventCountry "GER"]
[SourceTitle "EXT 2007"]
[Source "ChessBase"]
[SourceDate "2006.11.23"]
[SourceVersion "1"]
[SourceVersionDate "2006.11.23"]
[SourceQuality "1"]

1. e4 c5 2. c3 Nf6 3. e5 Nd5 4. Nf3 Nc6 5. Bc4 Nb6 6. Bb3 d5 7. exd6 Qxd6 8. 0-0 g6 9. Qe2 Bg7 10. Na3 a6 11. d4 cxd4 12. Rd1 0-0 13. Be3 e5 14. cxd4 exd4 15. Nc2 Bg4 16. h3 Bxf3 17. Qxf3 Rad8 18. Bf4 Qd7 19. Rd3 Nd5 20. Bg3 Nc7 21. a3 Ne6 22. Ba2 Nc5 23. Rd2 Rfe8 24. Bf4 Ne4 25. Rd3 Nc5 26. Rd2 Qf5 27. Rad1 Ne6 28. Bg3 Qxf3 29. gxf3 Bh6 30. f4 Bxf4 31. Bxf4 Nxf4 32. Kh2 d3 33. Ne3 Ne5 34. Kg3 Nh5+ 35. Kg2 Nf4+ 36. Kg3 Ne2+ 37. Kg2 Kg7 38. Nc4 Nf4+ 39. Kg3 Nh5+ 40. Kg2 Nf4+ 41. Kg3 g5 42. Ne3 Kg6 43. b4 f5 44. Nc4 b5 45. Nxe5+ Rxe5 0-1

[Event "Berlin op 09"]
[Site "Berlin"]
[Date "2004.10.04"]
[Round "5"]
[White "Mielke, Norman"]
[Black "Guenther, Thomas"]
[Result "1/2-1/2"]
[WhiteElo "1900"]
[BlackElo "2044"]
[PlyCount "93"]
[EventDate "2004.09.06"]
[EventType "swiss"]
[EventRounds "7"]
[EventCountry "GER"]
[SourceTitle "EXT 2007"]
[Source "ChessBase"]
[SourceDate "2006.11.23"]
[SourceVersion "1"]
[SourceVersionDate "2006.11.23"]
[SourceQuality "1"]

1. f4 d5 2. Nf3 g6 3. g3 Bg7 4. Bg2 Nf6 5. 0-0 0-0 6. d3 e6 7. Na3 c5 8. c3 Nc6 9. Bd2 a6 10. Qe1 b5 11. e4 dxe4 12. dxe4 Rb8 13. e5 Nd5 14. Nc2 c4 15. Ne3 Nce7 16. Ng5 Bb7 17. Ne4 Qc7 18. Qe2 Rfd8 19. Rad1 Nb6 20. g4 Na4 21. Bc1 Qb6 22. Kh1 Nc5 23. Nxc5 Bxg2+ 24. Nxg2 Qxc5 25. Be3 Qc6 26. Bd4 Qb7 27. Kg1 Rd7 28. Ne3 Rbd8 29. Qg2 Qxg2+ 30. Kxg2 Nc6 31. Bb6 Rxd1 32. Rxd1 Rxd1 33. Nxd1 g5 34. fxg5 Nxe5 35. Nf2 Nd7 36. Be3 Bf8 37. Kf3 Bd6 38. h3 Be7 39. Ne4 Ne5+ 40. Ke2 Nd7 41. b3 cxb3 42. axb3 Kf8 43. Bd4 Ke8 44. Kd3 Kd8 45. c4 bxc4+ 46. Kxc4 Kc7 47. b4 1/2-1/2

[Event "Berlin op 09"]
[Site "Berlin"]
[Date "2004.09.06"]
[Round "1"]
[White "Mielke, Norman"]
[Black "Prinz, Tade"]
[Result "1-0"]
[WhiteElo "1900"]
[BlackElo "1565"]
[PlyCount "120"]
[EventDate "2004.09.06"]
[EventType "swiss"]
[EventRounds "7"]
[EventCountry "GER"]
[SourceTitle "EXT 2007"]
[Source "ChessBase"]
[SourceDate "2006.11.23"]
[SourceVersion "1"]
[SourceVersionDate "2006.11.23"]
[SourceQuality "1"]

1. f4 e5 2. fxe5 d6 3. Nf3 dxe5 4. e4 Bd6 5. Bc4 Nf6 6. Nc3 c6 7. d3 h6 8. Be3 Qc7 9. h3 Nbd7 10. 0-0 Nf8 11. Ne2 N8h7 12. Rb1 a5 13. a4 Qe7 14. Ng3 Be6 15. Bxe6 fxe6 16. Qe2 0-0 17. Rf2 Bc7 18. Rbf1 b5 19. Ra1 Rac8 20. Rff1 Qd7 21. Bc5 Rfe8 22. Nd2 Qf7 23. Nb3 Qg6 24. Bf2 Ra8 25. Qe1 b4 26. Nd2 Nd7 27. Kh2 Nhf6 28. b3 c5 29. Nc4 Rf8 30. Be3 Rf7 31. Qe2 Raf8 32. Rf3 Nh5 33. Nxh5 Qxh5 34. Raf1 Nf6 35. Bxc5 Ng4+ 36. Kg1 Rxf3 37. Rxf3 Rxf3 38. hxg4 Qxg4 39. Qxf3 Qf4 40. Qxf4 exf4 41. Bb6 Bb8 42. Nxa5 Kf7 43. Nc6 Bd6 44. a5 Ke8 45. a6 Kd7 46. a7 Kxc6 47. a8Q+ Kxb6 48. Qg8 Bc5+ 49. Kf1 Be3 50. Qxe6+ Ka5 51. Qc6 f3 52. gxf3 g5 53. Qxh6 Kb5 54. Qd6 Ka5 55. e5 Bf4 56. Qd5+ Ka6 57. e6 g4 58. e7 g3 59. e8Q g2+ 60. Kxg2 Bb8 1-0

[Event "Berlin Lichtenberger Sommer 3th"]
[Site "Berlin"]
[Date "2004.08.23"]
[Round "9.53"]
[White "Rausch, Erik"]
[Black "Mielke, Norman"]
[Result "1-0"]
[WhiteElo "1675"]
[BlackElo "1927"]
[PlyCount "53"]
[EventDate "2004.08.14"]
[EventType "swiss"]
[EventRounds "9"]
[EventCountry "GER"]
[SourceTitle "EXT 2022"]
[Source "ChessBase"]
[SourceDate "2021.10.06"]
[SourceVersion "1"]
[SourceVersionDate "2021.10.06"]
[SourceQuality "1"]

1. c4 f5 2. g3 Nf6 3. Bg2 g6 4. Nc3 Bg7 5. d3 0-0 6. Qc2 d6 7. e4 Nc6 8. Nge2 e5 9. a3 Nh5 10. exf5 Bxf5 11. 0-0 Qd7 12. Be3 Rab8 13. Rad1 a6 14. b4 Nd4 15. Bxd4 exd4 16. Nd5 c5 17. Qd2 Bg4 18. Rde1 Nf6 19. Nef4 Qa4 20. h3 Bc8 21. Ne7+ Kh8 22. Nfxg6+ hxg6 23. Nxg6+ Kg8 24. Qf4 Qd7 25. bxc5 b5 26. cxd6 Bb7 27. Re7 1-0

[Event "Berlin Lichtenberger Sommer 3th"]
[Site "Berlin"]
[Date "2004.08.15"]
[Round "2.18"]
[White "Lueders, Gerhard"]
[Black "Mielke, Norman"]
[Result "1-0"]
[WhiteElo "2172"]
[BlackElo "1927"]
[PlyCount "67"]
[EventDate "2004.08.14"]
[EventType "swiss"]
[EventRounds "9"]
[EventCountry "GER"]
[SourceTitle "EXT 2022"]
[Source "ChessBase"]
[SourceDate "2021.10.06"]
[SourceVersion "1"]
[SourceVersionDate "2021.10.06"]
[SourceQuality "1"]

1. Nf3 f5 2. b3 Nf6 3. Bb2 g6 4. Bxf6 exf6 5. g3 Bg7 6. Bg2 c6 7. c4 d6 8. 0-0 0-0 9. d4 Na6 10. e3 Be6 11. Nc3 Bf7 12. Nd2 Rb8 13. Rb1 Qd7 14. b4 b5 15. d5 cxd5 16. cxb5 Nc7 17. a4 d4 18. exd4 f4 19. Re1 fxg3 20. hxg3 f5 21. Bc6 Qd8 22. Nf3 g5 23. Qd2 Bf6 24. Rbd1 g4 25. Nh2 Bg5 26. Qd3 Qf6 27. Kg2 h5 28. f4 Bh6 29. Rh1 h4 30. Nxg4 h3+ 31. Rxh3 fxg4 32. Rh4 Bg6 33. Rxg4 Kh7 34. Rxg6 1-0

[Event "Berlin SF Neukoelln op 3rd"]
[Site "Berlin"]
[Date "2004.03.19"]
[Round "7"]
[White "Mielke, Norman"]
[Black "Jurkatis, Hagen"]
[Result "1-0"]
[WhiteElo "1926"]
[BlackElo "1978"]
[PlyCount "71"]
[EventDate "2004.02.07"]
[EventType "swiss"]
[EventRounds "7"]
[EventCountry "GER"]
[SourceTitle "EXT 2022"]
[Source "ChessBase"]
[SourceDate "2021.10.06"]
[SourceVersion "1"]
[SourceVersionDate "2021.10.06"]
[SourceQuality "1"]

1. f4 d5 2. Nf3 c6 3. g3 Nf6 4. Bg2 Bf5 5. e3 e6 6. d3 Nbd7 7. Nc3 Qc7 8. Qe2 e5 9. e4 dxe4 10. dxe4 Bg4 11. h3 Bxf3 12. Bxf3 Bd6 13. f5 Bc5 14. Bd2 Bd4 15. Nd1 0-0-0 16. c3 Bb6 17. b4 g6 18. g4 gxf5 19. gxf5 Rhg8 20. Nb2 Kb8 21. Nc4 Rg3 22. 0-0-0 c5 23. Be1 Rgg8 24. b5 a6 25. a4 axb5 26. axb5 Ba7 27. Bh4 Rc8 28. Rd2 Ne8 29. Rhd1 Nb6 30. Bd8 Rxd8 31. Rxd8+ Nc8 32. Qd3 Rg3 33. Rxe8 Rxh3 34. Rh1 Rg3 35. Rxh7 Rg1+ 36. Kb2 1-0

[Event "Berlin SF Neukoelln op 3rd"]
[Site "Berlin"]
[Date "2004.02.07"]
[Round "1"]
[White "Mielke, Norman"]
[Black "Kleemeyer, Olaf"]
[Result "1-0"]
[WhiteElo "1926"]
[BlackElo "1558"]
[PlyCount "119"]
[EventDate "2004.02.07"]
[EventType "swiss"]
[EventRounds "7"]
[EventCountry "GER"]
[SourceTitle "EXT 2022"]
[Source "ChessBase"]
[SourceDate "2021.10.06"]
[SourceVersion "1"]
[SourceVersionDate "2021.10.06"]
[SourceQuality "1"]

1. f4 d5 2. Nf3 Nf6 3. g3 g6 4. Bg2 Bg7 5. 0-0 c5 6. d3 0-0 7. Nc3 Nc6 8. e4 dxe4 9. dxe4 Bg4 10. e5 Ne8 11. h3 Qxd1 12. Rxd1 Bxf3 13. Bxf3 Rc8 14. Be3 b6 15. Rd7 Nb4 16. Rc1 Rc7 17. Rd2 Bh8 18. a3 Nc6 19. Nb5 Rc8 20. Bxc6 Rxc6 21. Nxa7 Re6 22. a4 Ng7 23. Nb5 g5 24. Nc7 Rh6 25. Kh2 g4 26. h4 Nf5 27. Bf2 Rc8 28. Rd7 f6 29. e6 Kf8 30. Rcd1 Nd6 31. Nd5 Ne4 32. Be3 f5 33. Nxe7 Re8 34. Nxf5 Rhxe6 35. Bc1 Nf6 36. Rd8 Re2+ 37. Kg1 Rxc2 38. Rxe8+ Kxe8 39. Ne3 Re2 40. Kf1 Rh2 41. Re1 Rh1+ 42. Ke2 Rxe1+ 43. Kxe1 Kd7 44. Ke2 h5 45. Kd3 Kc6 46. b3 Nd5 47. Nc4 Bd4 48. Be3 Bf6 49. Bd2 Bd4 50. Be1 Nb4+ 51. Bxb4 Bf2 52. Bd2 Bxg3 53. Ke4 Bxh4 54. Ne5+ Kd6 55. Be3 Bf6 56. Nc4+ Kc6 57. f5 h4 58. Ne5+ Bxe5 59. Kxe5 g3 60. Bf4 1-0

[Event "Berlin Lichtenberger Sommer 2nd"]
[Site "Berlin"]
[Date "2003.08.24"]
[Round "9.43"]
[White "Mielke, Norman"]
[Black "Schmeisser, Peter"]
[Result "1-0"]
[WhiteElo "1919"]
[BlackElo "1502"]
[PlyCount "87"]
[EventDate "2003.08.16"]
[EventType "swiss"]
[EventRounds "9"]
[EventCountry "GER"]
[SourceTitle "EXT 2022"]
[Source "ChessBase"]
[SourceDate "2021.10.06"]
[SourceVersion "1"]
[SourceVersionDate "2021.10.06"]
[SourceQuality "1"]

1. f4 e5 2. fxe5 d6 3. exd6 Bxd6 4. Nf3 Bg4 5. e4 Nc6 6. Bb5 Nge7 7. d4 0-0 8. c3 a6 9. Bd3 Ng6 10. 0-0 f6 11. Qe1 Nce7 12. Be3 c6 13. Nbd2 Qc7 14. Qf2 Nf4 15. Bxf4 Bxf4 16. Qh4 h5 17. Qf2 Rae8 18. g3 Bh6 19. Qg2 Qd7 20. Rfe1 b5 21. Bc2 Nc8 22. Nb3 Nd6 23. Nc5 Qc8 24. Bb3+ Kh8 25. Nh4 Bh3 26. Qe2 Bf5 27. Qxh5 Bh7 28. Ng6+ Bxg6 29. Qxg6 Qh3 30. Bd1 Bd2 31. Bg4 Qh7 32. Qxh7+ Kxh7 33. Re2 Bh6 34. Bd7 Re7 35. Bxc6 Rc8 36. Bd5 a5 37. Rd1 Nc4 38. Bxc4 bxc4 39. b3 cxb3 40. axb3 g5 41. Ra1 Ra7 42. Rea2 Rca8 43. b4 a4 44. Rxa4 1-0